000 01051cam a2200409 4500
008 090401t1996 xxu||||| |||| 00| 0 eng d
020 _a0582236304
035 _a(Sirsi) u78424
041 _aeng
050 _a624.1
100 _aWestbrook, Roger
245 _aStructural engineering design in practice: project desogn examples.
250 _a3rd ed.
260 _aHarlow
_bLongman
_c1996
300 _avii,231p. : ill. ; 30cm.
350 _a23.99
650 _aBRIDGES
650 _aBUILT ENVIRONMENT-CONSTRUCTION DESIGN
650 _aCONVERSIONS
650 _aFACADE RETENTION
650 _aFACTORIES
650 _aGRANDSTAND
650 _aLIBRARIES
650 _aMULTI-STOREY CAR PARKS
650 _aOFFICES
650 _aRESTAURANTS
650 _aROUNDABOUT
650 _aSTADIA
650 _aSTRUCTURAL DESIGN
650 _aSTRUCTURAL ENGINEERING
650 _aSUPERMARKETS
650 _aSWIMMING POOLS
690 _aBUILT ENVIRONMENT
700 _aWalker, Derek
942 _n0
948 _c20/05/1997
999 _c96447
_d96447